Central Library OPAC University of Rajshahi

Tariff levels and the economic unity of Europe ; (Record no. 45835)

MARC details
000 -LEADER
fixed length control field 00707 am a2200205 a 4500
001 - CONTROL NUMBER
control field 45835
003 - CONTROL NUMBER IDENTIFIER
rucl marc code BD-RjUL
005 - DATE AND TIME OF LATEST TRANSACTION
control field 20211209054056.0
008 - FIXED-LENGTH DATA ELEMENTS--GENERAL INFORMATION
fixed length control field 160728b1938 xxu||||| |||| 00| 0 eng d
035 ## - SYSTEM CONTROL NUMBER
System control number (BD-RjUL) 45953
040 ## - CATALOGING SOURCE
Original cataloging agency BD-RjUL
Language of cataloging eng
Transcribing agency BD-RjUL
Modifying agency BD-RjUL
041 ## - LANGUAGE CODE
Language code of text/sound track or separate title eng
082 ## - DEWEY DECIMAL CLASSIFICATION NUMBER
Edition number 23
Classification number 337.094
Author mark and year LIT 1938
100 ## - MAIN ENTRY--PERSONAL NAME
Personal name Liepmann, H.
9 (RLIN) 140175
245 ## - TITLE STATEMENT
Title Tariff levels and the economic unity of Europe ;
Remainder of title an examination of tariff policy, export movements and the economic integration of Europe, 1913-1931 /
Statement of responsibility, etc. Liepmann, H.
260 ## - PUBLICATION, DISTRIBUTION, ETC. (IMPRINT)
Place of publication, distribution, etc. London :
Name of publisher, distributor, etc. George Allen & unwin Ltd.
Date of publication, distribution, etc. 1938
300 ## - PHYSICAL DESCRIPTION
Pagination 424p. :
Illustrations ill. ;
Size 21 cm.
650 ## - SUBJECT ADDED ENTRY--TOPICAL TERM
General subdivision Commercial policy.
Geographic subdivision Europe
9 (RLIN) 140176
942 ## - ADDED ENTRY ELEMENTS (KOHA)
Source of classification or shelving scheme Dewey Decimal Classification
Koha item type Books
Holdings
Lost status Source of classification or shelving scheme Damaged status Not for loan Collection code Permanent Location Current Location Shelving location Date acquired Source of acquisition Cost, normal purchase price Total Checkouts Full call number Date last seen Copy number Koha item type
  Dewey Decimal Classification     Non-fiction Central Library, University of Rajshahi Central Library, University of Rajshahi   26/08/1961 Dr. Anwar Quresh 15.00   337.094 LIT 1938 28/07/2016 C-2 Books